000 00354 a2200157 4500
001 169455
020 _a
040 _cMagnum
100 _aSilva, Maria Alice S. Souza e
240 1 0 _aConstruindo a leitura e a escrita
_lpor
245 1 0 _aConstruindo a leitura e a escrita
362 0 _a1899
440 1 _aÁtica
697 _aENSINO
942 _cBK
999 _c169455
_d169455